LIBRARY & INFORMATION CENTRE, KCAET, TAVANUR

ONLINE PUBLIC ACCESS CATALOGUE (OPAC)

Introduction to the botany of tropical crops / (Record no. 9817)

MARC details
000 -LEADER
fixed length control field 00416cam a2200157ua 4500
041 ## - LANGUAGE CODE
Language code of text/sound track or separate title eng
082 ## - DEWEY DECIMAL CLASSIFICATION NUMBER
Classification number 581
Item number COB/IN
100 ## - MAIN ENTRY--AUTHOR NAME
Personal name Cobley, Leslie S.
245 ## - TITLE STATEMENT
Title Introduction to the botany of tropical crops /
250 ## - EDITION STATEMENT
Edition statement 2 /
260 ## - PUBLICATION, DISTRIBUTION, ETC. (IMPRINT)
Place of publication London :
Name of publisher English Language Book Society ,
Year of publication 1976.
300 ## - PHYSICAL DESCRIPTION
Number of Pages 371 ; .
942 ## - ADDED ENTRY ELEMENTS (KOHA)
Koha item type Books
Holdings
Withdrawn status Lost status Damaged status Home library Current library Date acquired Full call number Accession Number Koha item type
      KAUAET KAUAET 22/08/1986 581 COB/IN 15475 Books
free website counter